Modern Mexico (Record no. 513618)

MARC details
000 -LEADER
fixed length control field 00846nam a2200277Ia 4500
003 - CONTROL NUMBER IDENTIFIER
control field OSt
005 - DATE AND TIME OF LATEST TRANSACTION
control field 20220925190202.0
008 - FIXED-LENGTH DATA ELEMENTS--GENERAL INFORMATION
fixed length control field 220923b |||||||| |||| 00| 0 eng d
020 ## - INTERNATIONAL STANDARD BOOK NUMBER
International Standard Book Number 0803925522
037 ## - SOURCE OF ACQUISITION
Terms of availability General Book
040 ## - CATALOGING SOURCE
Original cataloging agency RTL
Transcribing agency RTL
Language of cataloging eng
041 ## - LANGUAGE CODE
Source of code eng
Language code of text/sound track or separate title eng
100 ## - MAIN ENTRY--PERSONAL NAME
Personal name Hamilton Nora
9 (RLIN) 237585
245 #0 - TITLE STATEMENT
Title Modern Mexico
Remainder of title State, economy and social conflict
260 ## - PUBLICATION, DISTRIBUTION, ETC.
Place of publication, distribution, etc. Baverly
Name of publisher, distributor, etc. Hills Sage
Date of publication, distribution, etc. 1986
300 ## - PHYSICAL DESCRIPTION
Extent 312p.
Dimensions cm.
490 ## - SERIES STATEMENT
Series statement Latin American Perspective Reader
500 ## - GENERAL NOTE
General note Bibliography chapterwise
650 ## - SUBJECT ADDED ENTRY--TOPICAL TERM
Topical term or geographic name entry element United States Economic Conditions
9 (RLIN) 230667
700 ## - ADDED ENTRY--PERSONAL NAME
Personal name Harding Timothy F Ed.
9 (RLIN) 237586
942 ## - ADDED ENTRY ELEMENTS (KOHA)
Classification part X.74.N8, M6
Koha item type General Books
Source of classification or shelving scheme Colon Classification (CC)

No items available.

Copyright @ Delhi University Library System